00750nam a22002057a 4500008004100000040001800041041000800059100005100067245010600118250001100224260005300235300001700288490003000305500008300335650002700418650001900445650001700464650004400481700001900525130821s1967 sp gr spa  aCo-BoUCMbspa00aspa aIglesia Católica. Papa (1963-1978: Paulo Vi)00aEclesiam suamblos caminos de la iglesia, primera carta encíclica de su Santidad Paulo VIcPaulo VI a3a. ed aMadrid (España)bApostolado de la Prensac1967 a62 páginas aDocumentos Pontificios; 7 aIncluye índice. -- Este libro se encuentra en el depósito de la biblioteca04aDocumentos pontificios04aEcclesiam Suam04aEncíclicas04aIglesia Católica y problemas sociales aPaulo VI, Papa